00941nac a22002777a 4500001001000000003000900010005001700019008003400036040005400070072000800124100001600132100001800148100001800166110008400184245014100268260003900409300000900448490011500457500001100572650001100583650001400594650001800608650001300626650001200639650001200651BR8404385BR-BrBNA20240105120147.0230509b bl.|||m| |||| 00| 0 por d aBR-BrBNAbporcBiblioteca Nacional de Agricultura aH201 aLopes, E.B.1 aMelo, A.S. de1 aMata, J.F. da1 aEmpresa Estadual de Pesquisa Agropecuaria da Paraiba S.A., Joao Pessoa (Brasil)1 aIncidencia do mal do Panama (Fusarium oxysporum f. sp. cubense)em banana cultivar pacovan (Musa sp.)no estado da Paraiba [fungo, Brasil]3 aJoao Pessoa, PB (Brasil): c1984.  a6 p. aComunicado Tecnico - Empresa Estadual de Pesquisa Agropecuaria da Paraiba S.A. (Brazil)vno. 6xISSN 0101-9414 a7 ref. aBANANA aVARIEDADE aMAL DO PANAMA aINFECCAO aSINTOMA aPARAIBA